Principles of network and system administration / (Record no. 2544)

MARC details
000 -LEADER
fixed length control field 01419nam a22003377a 4500
005 - DATE AND TIME OF LATEST TRANSACTION
control field 20260128140443.0
008 - FIXED-LENGTH DATA ELEMENTS--GENERAL INFORMATION
fixed length control field 260128b |||||||| |||| 00| 0 eng d
010 ## - LIBRARY OF CONGRESS CONTROL NUMBER
LC control number 2003019766
020 ## - INTERNATIONAL STANDARD BOOK NUMBER
International Standard Book Number 0470868074
Qualifying information Paper : alk. paper
020 ## - INTERNATIONAL STANDARD BOOK NUMBER
International Standard Book Number 9780470868072
Qualifying information (Paper : alk. paper)
040 ## - CATALOGING SOURCE
Original cataloging agency DLC
Transcribing agency KMU
Modifying agency KMU
Description conventions rda
050 00 - LIBRARY OF CONGRESS CALL NUMBER
Classification number TK5105.5
100 1# - MAIN ENTRY--PERSONAL NAME
Personal name Burgess, Mark,
Dates associated with a name 1966-
245 10 - TITLE STATEMENT
Title Principles of network and system administration /
Statement of responsibility, etc. Mark Burgess.
250 ## - EDITION STATEMENT
Edition statement 2nd ed.
260 ## - PUBLICATION, DISTRIBUTION, ETC.
Place of publication, distribution, etc. Hoboken, NJ :
Name of publisher, distributor, etc. Wiley,
Date of publication, distribution, etc. 2003.
300 ## - PHYSICAL DESCRIPTION
Extent xii, 634 p. ;
Dimensions 24 cm.
336 ## - CONTENT TYPE
Content type term text
Content type code txt
Source rdacontent
337 ## - MEDIA TYPE
Media type term unmediated
Media type code n
Source rdamedia
338 ## - CARRIER TYPE
Carrier type term volume
Carrier type code nc
Source rdacarrier
504 ## - BIBLIOGRAPHY, ETC. NOTE
Bibliography, etc. note Includes bibliographical references (p. [599]-622) and index.
650 #0 - SUBJECT ADDED ENTRY--TOPICAL TERM
Topical term or geographic name entry element Computer networks
General subdivision Management.
650 #0 - SUBJECT ADDED ENTRY--TOPICAL TERM
Topical term or geographic name entry element Computer systems.
856 42 - ELECTRONIC LOCATION AND ACCESS
Materials specified Contributor biographical information
Uniform Resource Identifier <a href="http://www.loc.gov/catdir/bios/wiley047/2003019766.html">http://www.loc.gov/catdir/bios/wiley047/2003019766.html</a>
856 42 - ELECTRONIC LOCATION AND ACCESS
Materials specified Publisher description
Uniform Resource Identifier <a href="http://www.loc.gov/catdir/description/wiley041/2003019766.html">http://www.loc.gov/catdir/description/wiley041/2003019766.html</a>
856 41 - ELECTRONIC LOCATION AND ACCESS
Materials specified Table of contents
Uniform Resource Identifier <a href="http://www.loc.gov/catdir/toc/ecip048/2003019766.html">http://www.loc.gov/catdir/toc/ecip048/2003019766.html</a>
906 ## - LOCAL DATA ELEMENT F, LDF (RLIN)
a 7
b cbc
c orignew
d 1
e ecip
f 20
g y-gencatlg
942 ## - ADDED ENTRY ELEMENTS (KOHA)
Source of classification or shelving scheme Library of Congress Classification
Koha item type Non-Fiction
Suppress in OPAC No
Holdings
Withdrawn status Lost status Source of classification or shelving scheme Damaged status Not for loan Collection Home library Current library Shelving location Date acquired Source of acquisition Total Checkouts Full call number Barcode Date last seen Date last checked out Price effective from Koha item type
    Library of Congress Classification     Non-fiction Kapasa Makasa University Kapasa Makasa University Open Access 28.01.2026 ZLS 1 TK 5105.5 Bur 301423 24.02.2026 16.02.2026 28.01.2026 Non-Fiction